<?xml version="1.0" encoding="UTF-8"?>
<marc:record xmlns:marc="http://www.loc.gov/MARC21/slim">
   <marc:leader>00000nam a2200000 a 4500</marc:leader>
   <marc:datafield ind1="1" ind2=" " tag="100">
      <marc:subfield code="a">HIESS, Peter</marc:subfield>
      <marc:subfield code="4">aut</marc:subfield>
      <marc:subfield code="e">Verfasser/-in</marc:subfield>
   </marc:datafield>
   <marc:datafield ind1="1" ind2=" " tag="100">
      <marc:subfield code="a">Singer, Helmut A. W.</marc:subfield>
      <marc:subfield code="4">aut</marc:subfield>
      <marc:subfield code="e">Verfasser/-in</marc:subfield>
   </marc:datafield>
   <marc:datafield ind1="0" ind2="0" tag="245">
      <marc:subfield code="a">Wandern im Wienerwald</marc:subfield>
   </marc:datafield>
   <marc:datafield ind1="0" ind2="0" tag="245">
      <marc:subfield code="b">Die 30 schönsten Wanderungen in und um Wien</marc:subfield>
   </marc:datafield>
   <marc:datafield ind1=" " ind2="1" tag="264">
      <marc:subfield code="a">Wien</marc:subfield>
      <marc:subfield code="b">Falter Verlag</marc:subfield>
      <marc:subfield code="c">2017</marc:subfield>
   </marc:datafield>
   <marc:datafield ind1="1" ind2=" " tag="520">
      <marc:subfield code="a">Angaben aus der Verlagsmeldung &lt;br/&gt;&lt;br/&gt; &lt;br/&gt;&lt;br/&gt;  Wandern im Wienerwald : Die 30 schönsten Wanderungen in und um Wien / von Peter Hiess, Helmut A. W. Singer &lt;br/&gt;&lt;br/&gt; &lt;br/&gt;Selten haben Großstädter die Möglichkeit, sich nach Arbeitsschluss oder am Wochenende in die Straßenbahn zu setzten und in einer halben Stunde Fahrzeit im Grünen zu landen. Doch in Wien bringt meist nur ein kurzer Fußmarsch gestresste Wienerinnen und Wiener von den Endstationen der öffentlichen Verkehrsmittel in ein Erholungsgebiet fern vom Trubel der österreichischen Hauptstadt  in den Wienerwald. &lt;br/&gt;&lt;br/&gt;Der Wienerwald ist die grüne Lunge Wiens. Mit einer Gesamtfläche von 1.250 km² schmiegt er sich im Westen und Südwesten an die Bundeshauptstadt an. Trotzdem er Wien in seinem Namen trägt, liegen gut 90 Prozent dieser Wald- und Wanderlandschaft nicht auf Stadtgebiet, sondern gehören zum Nachbarbundesland Niederösterreich. In dieser landschaftlich äußerst abwechslungsreichen Region finden Besucher alles, wonach ihr Herz begehrt: Wälder, Wiesen, Felder, Weinberge, Kletterwände, Heilquellen, Klöster, Schlösser, Burgen und natürlich Ausflugslokale. Es ist also keineswegs verwunderlich, dass sowohl Einheimische als auch Gäste aus dem Ausland es genießen, Touren durch den Wienerwald zu unternehmen und das Umland der Metropole zu erforschen.&lt;br/&gt;Das Buch liefert nicht nur ausführliche Routenbeschreibungen, sondern weist auch auf Attraktionen am Wegesrand hin, auf Naturschönheiten, Sehenswürdigkeiten und historische Besonderheiten. Zudem finden sich in den 30 Wanderungen, die das gesamte Wienerwaldgebiet umfassen, Tipps zu An- und Abfahrt, Schwierigkeitsgrad der Touren sowie Einkehrmöglichkeiten und Ausflugslokale, denen hungrige Wanderer unbedingt einen Besuch abstatten sollten.</marc:subfield>
   </marc:datafield>
   <marc:datafield ind1=" " ind2=" " tag="020">
      <marc:subfield code="a">9783854396062</marc:subfield>
      <marc:subfield code="9">9783854396062</marc:subfield>
   </marc:datafield>
   <marc:datafield ind1=" " ind2=" " tag="300">
      <marc:subfield code="b">Ill., Kt.</marc:subfield>
   </marc:datafield>
   <marc:datafield ind1="1" ind2=" " tag="521">
      <marc:subfield code="a">0</marc:subfield>
   </marc:datafield>
   <marc:datafield ind1=" " ind2=" " tag="300">
      <marc:subfield code="a">256 S.</marc:subfield>
   </marc:datafield>
</marc:record>
